Exposición que dirigen al Excmo. Sr. Presidente del Consejo de Ministros por conducto del Excmo. Sr. Gobernador General de Puerto-Rico y del Ministro de Ultramar el Directorio y la Delegación del Partido Autonomista Puerto-Riqueño. (Record no. 190155)

MARC details
000 -LEADER
campo de control de longitud fija 00722nam a2200157 i 4500
001 - NÚMERO DE CONTROL
campo de control 190155
003 - IDENTIFICADOR DE NÚMERO DE CONTROL
campo de control ES-MaACL
005 - FECHA Y HORA DE LA ÚLTIMA TRANSACCIÓN
campo de control 20230906223644.0
008 - DATOS DE LONGITUD FIJA--INFORMACIÓN GENERAL
campo de control de longitud fija 200903s1888 sp |||| | spa d
110 2# - ENTRADA PRINCIPAL--NOMBRE DE ENTIDAD CORPORATIVA
Nombre de entidad corporativa o nombre de jurisdicción como elemento de entrada Partido Autonomista Puertorriqueño.
9 (RLIN) 170249
245 10 - MENCIÓN DEL TÍTULO
Título Exposición que dirigen al Excmo. Sr. Presidente del Consejo de Ministros por conducto del Excmo. Sr. Gobernador General de Puerto-Rico y del Ministro de Ultramar el Directorio y la Delegación del Partido Autonomista Puerto-Riqueño.
260 ## - PUBLICACIÓN, DISTRIBUCIÓN, ETC.
Lugar de publicación, distribución, etc. [S.l.] :
Nombre del editor, distribuidor, etc. [s.n.],
Fecha de publicación, distribución, etc. 1888 (
Lugar de fabricación/manufactura Madrid :
Fabricante Imp. de José Gil y Navarro)
300 ## - DESCRIPCIÓN FÍSICA
Extensión 49 p. ;
Dimensiones 21 cm.
651 #4 - PUNTO DE ACCESO ADICIONAL DE MATERIA--NOMBRE GEOGRÁFICO
Nombre geográfico Puerto Rico-
Subdivisión general Historia-
Subdivisión cronológica 1511-1898, Época colonial.
9 (RLIN) 155352
852 ## - LOCALIZACIÓN
Ubicación ES-MaACL
Número de control de estantería T-471-F-6
Holdings
Estatus retirado Estado de pérdida Estado de daño No para préstamo Colección Biblioteca de origen Biblioteca actual Ubicación en estantería Fecha de adquisición Fuente de adquisición Total de préstamos Signatura topográfica completa Código de barras Visto por última vez Precio de reemplazo Tipo de ítem Koha
        Colección de folletos Biblioteca del Ateneo de Madrid Biblioteca del Ateneo de Madrid Depósito folletos 08/05/2005     T-471-F-6 1201897 23/02/2023 23/02/2023 Folleto